000 00910nam a22002417a 4500
005 20240530110618.0
008 161206s2014 ua aof f 000 0dara d
017 _a2014/19717
_bمصر. دار الكتب
040 _aEG-CaGPL
_cEG-CaGPL
082 0 4 _221
_a738\
_bإ ر
100 0 _aايمان مهران .
245 1 0 _aروائع خزفية لمصورى و نحاتى مصر و العالم /
_cايمان مهران ؛ تقديم عبدالغنى الشال .
250 _aط.1
260 _aالقاهرة :
_bمطبعة دار الكتب و الوثائق القومية بالقاهرة ،
_c2014 .
300 _a156 ص. :
_bصور ؛
_c24 سم.
504 _aببليوجرافية : ص 153 - 155
650 0 7 _2qrmak
_aالخزف .
650 0 7 _2qrmak
_aفخار .
651 _2qrmak
700 0 _aعبدالغنى الشال
_eمقدم .
942 _2ddc
_cBK
999 _c62995
_d62995